000 00489nam a22001457a 4500
999 _c80347
_d80347
008 201208b ||||| |||| 00| 0 eng d
040 _dStAFF
041 _aeng
245 _aIHP -
_bInnovations for High Performance Microelectronics
260 _aFrankfurt (Oder)
_bIHP GmbH - Innovations for High Performance Microelectronics/ Leibniz Institut
_c[2009]
300 _a8 ungezählte Seiten
_bIll.
_e+ Annual Report 2009 (CD)
546 _aText engl.
942 _2z
_cB